Introducing Christian education (Record no. 3777)

MARC details
000 -LEADER
fixed length control field 00383nam a22001337a 4500
008 - FIXED-LENGTH DATA ELEMENTS--GENERAL INFORMATION
fixed length control field 250604b |||||||| |||| 00| 0 eng d
020 ## - INTERNATIONAL STANDARD BOOK NUMBER
ISBN 9789789054725
245 ## - TITLE STATEMENT
Title Introducing Christian education
260 ## - PUBLICATION, DISTRIBUTION, ETC. (IMPRINT)
Place of publication Baker academic
Name of publisher Anthony J micheal
Date of publication 2020
300 ## - COLLATION
Pagination 300p
650 ## - TRACINGS
Main Subject Christian education
Subdivision (1st) Christian education- philosophy
942 ## - ADDED ENTRY ELEMENTS (KOHA)
Item type Books
050 ## - LIBRARY OF CONGRESS CALL NUMBER
Classification number BV 1471.3
Item number .I 58
Holdings
Source of classification or shelving scheme Not for loan Permanent location Current location Date acquired Accession No. Full call number Barcode. Koha item type
Library of Congress Classification   Samuel Ogbemudia Main Library, University of Abuja Samuel Ogbemudia Main Library, University of Abuja 06/04/2025 2025/64931-32 BV 1471.3.I 58 2025-2361 Books
Library of Congress Classification   Samuel Ogbemudia Main Library, University of Abuja Samuel Ogbemudia Main Library, University of Abuja 06/04/2025 2025/64931-32 BV 1471.3.I 58 2025-2362 Books